Quizzes
Events
Quiz Creation
Community
Videos
Private Events
Remove Ads
Sign In
Join for FREE
Feedback
Dark Mode
Quiz Categories
Sports
Geography
Music
Movies
Television
Just For Fun
Miscellaneous
History
Literature
Language
Science
Gaming
Entertainment
Religion
Holiday
For Kids
Quiz Lab
Recent
Popular Today
Quiz Kudos Today
Editor Picks
Curator Picks
Quizzes by...
Day
Popularity
Type
Ratings
Length
Year
Community
Subscriptions
Recent Discussions
Orange Saloon
Badges
Playlists
Quests
Create
Leaderboards
Showdown
Live 5
Trivia Bingo
Activity
Puzzle Library
Sporcle Events
Private Events
Virtual Trivia
Globe League
Become a Host
Pub Owners
SporcleCon
Opinionation
Our Games
Videos
Blog
Mobile Apps
Partnerships
Remove Ads and Go Orange
Feedback
Music
Pop Music
The Beatles
Song
Album
Lyrics
Bands
Singers
Artist
Clip
Rock
Rap
Classical
Billboard
Country Music
Kpop
Taylor Swift
Music
Pop Music
The Beatles
Song
Album
Lyrics
Bands
Singers
Artist
Clip
Rock
Rap
Classical
Billboard
Country Music
Kpop
Taylor Swift
Random Quiz
Search Sporcle
×
Quiz Lab
Quiz Lab
Music
Billboard
Type in answers that appear in a list
Type in answers that appear in a list
Classic
Best Score? Go Orange.
Billboard's Top 100 Albums of 1975 Stats
Can you name the 100 best-selling albums of 1975 according to Billboard?
By
Alstair
10m
100 Questions
2,371 Plays
2,371 Plays
2,371 Plays
Comments
Comments
Give Quiz Kudos
Give Quiz Kudos
-
- Ratings
hide this ad
More Info
Replay
Link that replays current quiz
Next Quiz
Link to next quiz in quiz playlist
You Got
0%
They Got
Avg Score
54%
Avg Friend Score
Upgrade to see
Score Distribution
Jump to the score distribution portion of the page
Score
0/100
Timer
10:00
0
Plays Today
Album
Artist
% Correct
[Artist]'s Greatest Hits (EJ)
Elton John
97.7%
Captain Fantastic and the Brown-
Dirt Cowboy
Elton John
97.7%
Caribou
Elton John
97.7%
On the Border
Eagles
92.7%
One Of These Nights
Eagles
92.7%
Physical Graffiti
Led Zeppelin
92%
[Artist]'s Greatest Hits (JD)
John Denver
91.5%
Back Home Again
John Denver
91.5%
An Evening With [Artist] (JD)
John Denver
91.5%
Dark Side Of the Moon
Pink Floyd
91%
Funny Lady
Barbra Streisand
89.5%
[Band Name] VIII (C)
Chicago
89.5%
[Band Name] VII (C)
Chicago
89.5%
Sedaka's Back
Neil Sedaka
88.4%
Toys In the Attic
Aerosmith
87.9%
Young Americans
David Bowie
87.9%
Frampton
Peter Frampton
86.5%
Venus & Mars
Paul McCartney & Wings
83.4%
It's Only Rock 'N' Roll
The Rolling Stones
83.3%
Blood On the Tracks
Bob Dylan
82.2%
Why Can't We Be Friends
War
80.5%
Welcome To My Nightmare
Alice Cooper
80.4%
Have You Never Been Mellow
Olivia Newton-John
80.2%
Tommy
Soundtrack
79.6%
AWB
Average White Band
75.7%
Love Will Keep Us Together
The Captain & Tennille
75.3%
Sheer Heart Attack
Queen
75%
Heart Like A Wheel
Linda Ronstadt
72.5%
Walls and Bridges
John Lennon
72.4%
Fulfillingness' First Finale
Stevie Wonder
72.2%
Rufusized
Rufus ft. Chaka Khan
71.7%
That's the Way Of the World
Earth, Wind & Fire
70.7%
[Artist] II (BM)
Barry Manilow
66.7%
Goodnight Vienna
Ringo Starr
66%
Album
Artist
% Correct
Butterfly
Barbra Streisand
64.2%
Red Octopus
Jefferson Starship
62.2%
Dragon Fly
Jefferson Starship
62.2%
[Artist] Explores Your Mind (AG)
Al Green
61.8%
Endless Summer
The Beach Boys
61.3%
Spirit Of America
The Beach Boys
61.3%
Fandango
ZZ Top
60.6%
Eldorado
Electric Light Orchestra
60.5%
Autobahn
Kraftwerk
60.5%
Hearts
America
60.2%
Holiday
America
60.2%
Gorilla
James Taylor
60.1%
Photographs & Memories: His Greatest Hits
Jim Croce
58.2%
What Were Once Vices Are Now Habits
The Doobie Brothers
58%
Stampede
The Doobie Brothers
58%
Can't Get Enough
Barry White
55%
Serenade
Neil Diamond
54.7%
Before the Next Teardrop Falls
Freddy Fender
54.5%
Melissa
Melissa Manchester
54.4%
Late For the Sky
Jackson Browne
54.3%
Fire
Ohio Players
53.3%
Not Fragile
Bachman-Turner Overdrive
51%
Four Wheel Drive
Bachman-Turner Overdrive
51%
Miles Of Aisles
Joni Mitchell
50.8%
Straight Shooter
Bad Company
50.4%
Survival
The O'Jays
48%
[Artist]'s Greatest Hits (CS)
Cat Stevens
47.7%
Wrap Around Joy
Carole King
47.4%
Diamonds and Rust
Joan Baez
46.8%
Judith
Judy Collins
41.4%
War Child
Jethro Tull
40.7%
New and Improved
The Spinners
39.9%
Free and Easy
Helen Reddy
37%
Caught In the Act
The Commodores
36.8%
Album
Artist
% Correct
I Feel A Song
Gladys Knight & the Pips
36.7%
Blow By Blow
Jeff Beck
36.3%
[Self-
Titled] (PS)
Phoebe Snow
36.1%
Between the Lines
Janis Ian
34.5%
A Song For You
The Temptations
33.8%
Do It ('Til You're Satisfied)
B. T. Express
32.7%
Verities and Balderdash
Harry Chapin
32.6%
The Original Soundtrack
10cc
32.2%
Fire On the Mountain
The Charlie Daniels Band
31.9%
The Heat Is On
The Isley Brothers
31.5%
Feelings
Paul Anka
31.1%
A Quiet Storm
Smokey Robinson
30.9%
Mother Lode
Loggins & Messina
28.4%
Perfect Angel
Minnie Riperton
28.1%
The Best Of [Band Name] (TS)
The Stylistics
27.8%
Souvenirs
Dan Fogelberg
26.5%
Waitresses In A Donut Shop
Maria Muldaur
26.3%
Will O' the Wisp
Leon Russell
23.3%
[Self-
Titled] (TMT)
The Manhattan Transfer
23.2%
[Self-
Titled] (A)
Ambrosia
22.7%
The Last Farewell and Other Hits
Roger Whittaker
22.1%
It'll Shine When It Shines
Ozark Mountain Daredevils
21.9%
Closeup
Frankie Valli
21.3%
Five A Side
Ace
20.5%
Blue Jays
Justin Hayward & John Lodge
19%
White Gold
Love Unlimited Orchestra
18.8%
Blue Sky -
Night Thunder
Michael Murphey
18.1%
Mister Magic
Grover Washington, Jr.
17.3%
Flying Start
Blackbyrds
17.1%
Sun Goddess
Ramsey Lewis
16.5%
To Be Sure
Harold Melvin & the Blue Notes
13.9%
Night Birds
Labelie
13.1%
Quiz Playlist
Details
Report
Send in Message
Add To Playlist
More Info:
Self-titled and greatest hits albums (aside from hits compilations with distinct or unique titles) will be accompanied by the artist's initials.
Classic:
Type in answers that appear in a list
Quiz Source
Last Updated: Sep 6, 2017
Quiz Scoreboard
CHALLENGE
Sign Up to Join the Scoreboard
Show All
Scores
Hide
Comments
May contain spoilers
Recently Published
An Introduction to Baseball
by treessimontrees
Sports
5m
Movies - When Are They Set?
by FPL_Elf
Movies
5m
Popular People in 1961
by mucciniale
History
6m
More to Explore
Quiz From the Vault
Featured Blog Post
Where Did the Easter Bunny Come From?
hide this ad
You Might Also Like...
Tags
Album Quiz
Artist Quiz
Billboard Quiz
100
1975
Best Selling
Music Charts
place
Today's Top Quizzes in Music
Browse Music
hide this ad
Today's Top Quizzes in Billboard
Browse Billboard
Top Contributed Quizzes in Music
1
Taylor Swift All Songs (2024)
2
Guess the Artist- 70s Songs
3
KPOP LOGIC QUIZ
4
One Thing in Common: Music
5
2010s Album by Cover III
6
Guess the Taylor Swift song (Mystery Song)
7
Taylor Swift Logic Puzzle
8
2010s Album by Cover IV
9
2010s Album by Cover V
10
Kpop Logic Quiz
Explore More
Trending Topics
Harry Potter
Anime
Kpop
Disney
NBA
Marvel
Crossword
Song
Soccer
Country
Puzzle
The Office
Pokémon
WWE
NFL
hide this ad
More By:
Alstair
Quiz
Plays
Rating
Category
Featured
Created
A Decade of iTunes
47,365
4.54
Music
Apr 27, 2013
Britain's Biggest Singles of the 2000s
23,483
4.68
Music
Oct 22, 2012
A Decade of iTunes (Albums)
8,801
4.18
Music
Apr 29, 2013
Top 100 Greatest Hair Metal Songs
8,089
4.56
Music
Apr 8, 2012
Billboard's Top 100 Albums of 1984
6,730
4.77
Music
Jan 30, 2012
Go to Creator's Profile
Score Distribution
Quiz Creator Spotlight
Alstair
Follow
Send a Message
Quizzes Created
-
Created Quiz Play Count
-
More By This Creator
Popular Quizzes Today
1
Find the Countries of Europe - No Outlines Minefield
2
Find the US States - No Outlines Minefield
3
The Countries of the World
4
Popular People in 1961
5
US States
6
Find the US States
7
1-10 Letter E Words III
8
Risky Map Clicking: Biggest States A-Z
More Music Quizzes
🎹 Piano Simulator III 🎹
Editor's Pick
Trending Quizzes
Risky Map Clicking: Least Populous States A-Z
1-10 Letter F Words
1-10 Letter G Words
Not Quite an Element Typing Challenge
One Thing in Common: United Kingdom
Recently Updated
Leaping Animals
pecheneg
Reality TV Shows (A-Z)
bhenderson79
Rickey Henderson's Hall of Fame Teammates
pecheneg
Champions League XIs: Arsenal
pecheneg
Quick Pick: Celebrities in WWE's Hall of Fame
aduchscher
A-Z Keypad Blitz II
pecheneg
Multiple Oscar Actors
pecheneg
Mystery Phrase Blitz: Oscar 'Best Actors'
pecheneg
F. Scott Fitzgerald Novels
LTH
Pick 3 Villains
ddd62291
Trending Topics
NBA
Disney
Harry Potter
Kpop
Anime
Marvel
Crossword
Pokémon
Puzzle
Song
The Office
Country
NFL
WWE
Soccer
Your Account Isn't Verified!
In order to create a playlist on Sporcle, you need to verify the email address you used during registration. Go to your
Sporcle Settings
to finish the process.
Report this User
Report this user for behavior that violates our
Community Guidelines
.
Details:
Send Report
Go to the Sporcle.com Mobile Site →
Comments